Statistics for My favorite nations to win World Cup 2022 1-32

Click here to take the quiz!

General Stats

  • This quiz has been taken 17 times
  • The average score is 9 of 32

Answer Stats

NumeroContinentFifa rankingAnswer% Correct
32Europe#5England
90%
31Asia#50Qatar
70%
26North America#16USA
70%
27North America#31Costa Rica
60%
30Asia#20Iran
60%
29Africa#22Morocco
60%
25Europe#21Serbia
60%
23Oceania#38Australia
50%
28Asia#51Saudi arabia
50%
4South America#1Brazil
30%
1Europe#10Denmark
30%
22Asia#24Japan
30%
6South America#3Argentina
20%
3Europe#2Belgium
20%
16South America#44Ecuador
20%
13Europe#4France
20%
2Europe#11Germany
20%
8Europe#26Poland
20%
5Europe#9Portugal
20%
19Europe#15Switzerland
20%
10South America#14Uruguay
20%
15Africa#43Cameroon
10%
14North America#41Canada
10%
21Europe#12Croatia
10%
20Africa#61Ghana
10%
17North America#13Mexico
10%
11Europe#8Netherlands
10%
9Africa#18Senegal
10%
18Asia#28South Korea
10%
24Africa#30Tunisia
10%
7Europe#7Spain
0%
12Europe#19Wales
0%

Score Distribution

Percentile by Number Answered

Percent of People with Each Score

Your Score History

You have not taken this quiz